جزء لتجدن اشد الناس وتفسيره

Bibliographic Details
Main Authors: شلبي، عبد الفتاح اسماعيل (Author), شلبي، سعد اسماعيل (Author)
Format: Book
Published: Misr : Maktabah Misr , 1992
Series:من القرىن الكريم 7
Subjects:

MARC

LEADER 00000cam a2200000 7i4500
001 0000041221
005 20220119093000.0
008 021119s1992
020 |a 9771107194 
090 0 0 |a BP130.4   |b .S524 1990 
100 1 |a شلبي، عبد الفتاح اسماعيل ,   |e author 
241 1 0 |a Juz' latajidanna ashadda al-nas wa-tafsiruhu 
245 1 0 |a جزء لتجدن اشد الناس وتفسيره   |c للاستاذين عبد الفتاح اسماعيل شلبي، سعد اسماعيل شلبي 
260 2 |a Misr :   |b Maktabah Misr ,   |c 1992 
300 |a 118 p. ;   |c 20 cm. 
440 0 |a من القرىن الكريم   |v 7 
630 0 0 |a Qur'an   |x Juz' Latajidanna   |x Commentaries 
630 0 0 |a Qur'an   |x Surat al-Anam   |x Commentaries 
630 0 0 |a Qur'an   |x Surat al-Ma'idah   |x Commentaries 
700 0 |a شلبي، سعد اسماعيل ,   |e author 
999 |a 1000075782   |b Book   |c OPEN SHELF (30 DAYS)   |e Gong Badak Campus